Semiconductor devices: physics and technology
Gespeichert in:
| 1. Verfasser: | |
|---|---|
| Format: | Buch |
| Sprache: | Englisch |
| Veröffentlicht: |
Hoboken
John Wiley and Sons
2002
|
| Ausgabe: | 2a. ed |
| Schlagworte: | |
| Tags: |
Tag hinzufügen
Keine Tags, Fügen Sie den ersten Tag hinzu!
|
MARC
| LEADER | 00000nam a2200000 a 4500 | ||
|---|---|---|---|
| 001 | UCH5132 | ||
| 003 | CL-VaPUC | ||
| 008 | 090924e20020000us |||||||||||||||||eng|d | ||
| 020 | |a 9780471333723 | ||
| 082 | 0 | 4 | |a 621.381 |b SZE |2 21 |
| 100 | 0 | |a Sze, S. M |e author |9 541294 | |
| 245 | 1 | 0 | |a Semiconductor devices: physics and technology |
| 250 | |a 2a. ed | ||
| 300 | |a 564 p | ||
| 942 | |c BK | ||
| 945 | |d 20090924 00:00:00 |a cmena | ||
| 260 | |a Hoboken |b John Wiley and Sons |c 2002 | ||
| 650 | 0 | |a Semiconductores |9 260250 | |
| 650 | 7 | |a DISPOSITIVOS SEMICONDUCTORES |2 CL-VaPUC |9 361201 | |
| 650 | 0 | |a Diodos |9 260678 | |
| 583 | |a last modification |c 20171116 02:24:34 |k Rodrigo Vera | ||
| 999 | |c 336323 |d 336321 | ||
| 952 | |0 0 |1 0 |4 0 |6 621_381000000000000_SZE_2002 |7 0 |8 A |9 427474 |a BIBING |b BIBING |d 2019-11-22 |i 4604008 |l 1 |o 621.381 SZE 2002 |p 4604008 |r 2025-01-20 |s 2020-07-28 |w 2019-11-22 |y BK |k EIE | ||